000 00468nam a22001457a 4500
999 _c129853
_d129853
008 190919b ||||| |||| 00| 0 eng d
050 _aSPC. DT1.T50 T663
100 _aJerah, Tonderai Geavas
_948175
245 _aPolitical indeginisation
_ba case for a no party state in Zimbabwe
_cTonderai Geavas Jerah
260 _aHarare
_bArrupe College
_c2013
300 _ai, 94p. ;
_c31cm.
500 _aThesis
651 _aZimbabwe
_xPolitics
_948176
942 _2lcc
_cSPC